[Event "Gibtelcom"]
[Site "Caleta ENG"]
[Date "2009.01.27"]
[EventDate "2009.01.27"]
[Round "1"]
[Result "1-0"]
[White "Jon Ludvig Hammer"]
[Black "Lo Sanchez"]
[WhiteElo "2532"]
[BlackElo "2263"]
[PlyCount "89"]

1. e4 c5 2. Nf3 e6 3. d4 cxd4 4. Nxd4 a6 5. Bd3 Bc5 6. Nb3 Be7
7. Qg4 Bf6 8. O-O Nc6 9. Qg3 Nge7 10. Nc3 d6 11. Bg5 Bxg5
12. Qxg5 O-O 13. Rad1 b5 14. Rd2 b4 15. Ne2 Bb7 16. Rfd1 Ne5
17. Nf4 Nxd3 18. Rxd3 Bxe4 19. Rxd6 Qe8 20. Nc5 Bc6 21. Nd7
Bxd7 22. Rxd7 Ng6 23. Nxg6 hxg6 24. Qa5 Qc8 25. R1d2 Rb8
26. R7d6 Qc4 27. h3 Qe4 28. Qxa6 Ra8 29. Qd3 Qe1+ 30. Qf1
Qxf1+ 31. Kxf1 Rxa2 32. b3 Kh7 33. Rc6 Rb8 34. Rd7 Kg8
35. Rcc7 Rf8 36. h4 Ra5 37. Rd4 Rb8 38. Rcc4 Rab5 39. Ke2 R8b7
40. Rc8+ Kh7 41. Rdd8 g5 42. h5 g6 43. Rh8+ Kg7 44. h6+ Kf6
45. Rhd8 1-0

[Event "Gibtelcom"]
[Site "Caleta ENG"]
[Date "2009.01.30"]
[EventDate "2009.01.27"]
[Round "4"]
[Result "1/2-1/2"]
[White "Adam Ashton"]
[Black "Jon Ludvig Hammer"]
[WhiteElo "2321"]
[BlackElo "2532"]
[PlyCount "149"]

1. e4 e5 2. Nf3 Nc6 3. Bb5 Nf6 4. d3 Bc5 5. O-O Nd4 6. Nxd4
Bxd4 7. c3 Bb6 8. Nd2 c6 9. Ba4 O-O 10. Re1 d6 11. h3 Nd7
12. Bc2 Qf6 13. Qf3 Bc7 14. d4 b5 15. a4 a5 16. b3 Qxf3
17. Nxf3 Nb6 18. axb5 cxb5 19. Be3 f6 20. Bd3 Bd7 21. Rec1 a4
22. bxa4 Rxa4 23. Rxa4 Nxa4 24. c4 b4 25. c5 exd4 26. cxd6
Bxd6 27. Nxd4 Rb8 28. Bc4+ Kf8 29. Nb3 Nc3 30. Ra1 Rc8 31. Ra7
Rxc4 32. Rxd7 Nxe4 33. Nd4 Be5 34. Ne6+ Ke8 35. Rb7 g5 36. g4
Nd6 37. Rb8+ Kd7 38. Nc5+ Rxc5 39. Bxc5 Ne4 40. Rxb4 Nxc5
41. Kg2 h6 42. h4 gxh4 43. Kh3 Nd3 44. Ra4 Nxf2+ 45. Kxh4 Kc6
46. Kh5 Kb5 47. Ra2 Bd4 48. Kxh6 Nxg4+ 49. Kg6 Ne3 50. Rd2 Be5
51. Rd3 Ng2 52. Kf5 Kc4 53. Rd2 Nf4 54. Ke4 Kc5 55. Rf2 Nh3
56. Rd2 Kc6 57. Kf5 Ng5 58. Rd1 Kc7 59. Rd5 Nf7 60. Ke6 Nd8+
61. Kf5 Nc6 62. Rd1 Nd4+ 63. Ke4 Nb5 64. Kf5 Kc6 65. Rd8 Nd4+
66. Ke4 Ne6 67. Rd1 Ng7 68. Rd2 Bc7 69. Rf2 Ne8 70. Kf5 Kd7
71. Rd2+ Bd6 72. Rd1 Ke7 73. Re1+ Kf7 74. Rxe8 Kxe8 75. Kxf6
1/2-1/2

[Event "Gibtelcom"]
[Site "Caleta ENG"]
[Date "2009.02.01"]
[EventDate "2009.01.27"]
[Round "6"]
[Result "0-1"]
[White "Lorin D'Costa"]
[Black "Jon Ludvig Hammer"]
[WhiteElo "2445"]
[BlackElo "2532"]
[PlyCount "48"]

1. c4 Nf6 2. g3 c6 3. Nf3 d5 4. b3 dxc4 5. bxc4 e5 6. Nc3 e4
7. Ng5 Bf5 8. Bg2 Na6 9. f3 exf3 10. Nxf3 Bc5 11. Na4 Nb4
12. d3 Qa5 13. Bd2 Be3 14. a3 Bxd2+ 15. Nxd2 Nxd3+ 16. exd3
Bxd3 17. Qf3 O-O-O 18. Bh3+ Kb8 19. Qf4+ Ka8 20. Nb2 Rhe8+
21. Kd1 Qc3 22. Nxd3 Qxa1+ 23. Nc1 Ne4 24. Re1 Qb2 0-1

[Event "Cappelle la Grande"]
[Site "Cappelle la Grande FRA"]
[Date "2009.02.28"]
[EventDate "2009.02.28"]
[Round "1"]
[Result "1-0"]
[White "Jon Ludvig Hammer"]
[Black "Christian Koepke"]
[WhiteElo "2532"]
[BlackElo "2369"]
[PlyCount "113"]

1. e4 c5 2. Nf3 d6 3. d4 cxd4 4. Nxd4 Nf6 5. Nc3 g6 6. Be3 Bg7
7. f3 O-O 8. Qd2 Nc6 9. O-O-O d5 10. exd5 Nxd5 11. Nxc6 bxc6
12. Bd4 e5 13. Bc5 Be6 14. Ne4 Re8 15. h4 h6 16. g4 Qc7
17. Bd6 Qb6 18. Bc5 Qc7 19. Bd6 Qb6 20. g5 h5 21. Bc5 Qc7
22. Bd6 Qb6 23. Bc5 Qc7 24. Bc4 Red8 25. Qf2 Nf4 26. Bxe6 Nxe6
27. Bd6 Qb6 28. c3 Rd7 29. Rd2 Qxf2 30. Rxf2 Rad8 31. Rd1 f5
32. gxf6 Bf8 33. Kc2 Rxd6 34. Nxd6 Rxd6 35. Rxd6 Bxd6 36. Rd2
Bc5 37. b4 Be3 38. Rd7 Bf2 39. a4 Bxh4 40. Re7 Nf4 41. Rxa7
Bf2 42. Rd7 h4 43. Rd2 Be3 44. Rh2 g5 45. a5 Kf7 46. c4 Kxf6
47. b5 cxb5 48. cxb5 Ke6 49. b6 Kd6 50. Kd1 Nd5 51. Rb2 Nc3+
52. Kc2 h3 53. b7 Ba7 54. Kxc3 e4 55. b8=Q+ Bxb8 56. Rxb8 exf3
57. Kd3 1-0

[Event "Cappelle la Grande"]
[Site "Cappelle la Grande FRA"]
[Date "2009.03.01"]
[EventDate "2009.02.28"]
[Round "2"]
[Result "0-1"]
[White "Arnaud Payen"]
[Black "Jon Ludvig Hammer"]
[WhiteElo "2364"]
[BlackElo "2532"]
[PlyCount "54"]

1. d4 f5 2. g3 Nf6 3. Bg2 e6 4. Nf3 d5 5. O-O Bd6 6. c4 c6
7. Bf4 Bxf4 8. gxf4 Nbd7 9. Nbd2 h6 10. Qb3 Nh5 11. Qe3 Nf8
12. Ne5 g5 13. Qf3 Nxf4 14. e3 N4g6 15. Qh5 Qf6 16. e4 dxe4
17. Bxe4 Bd7 18. Bh1 g4 19. h3 O-O-O 20. hxg4 Be8 21. Qh2 Nxe5
22. dxe5 Qg5 23. Nb3 Qxg4+ 24. Bg2 Ng6 25. Kh1 Rg8 26. f4 Rd3
27. Rf2 Rg3 0-1

[Event "Cappelle la Grande"]
[Site "Cappelle la Grande FRA"]
[Date "2009.03.06"]
[EventDate "2009.02.28"]
[Round "8"]
[Result "1/2-1/2"]
[White "Ivan Salgado Lopez"]
[Black "Jon Ludvig Hammer"]
[WhiteElo "2554"]
[BlackElo "2532"]
[PlyCount "244"]

1. e4 e5 2. Nf3 Nc6 3. Bb5 Nf6 4. O-O Nxe4 5. d4 Nd6 6. dxe5
Nxb5 7. a4 Nbd4 8. Nxd4 d5 9. Nxc6 bxc6 10. Qd3 c5 11. b3 Be7
12. Ba3 O-O 13. Nd2 Rb8 14. Rfe1 Rb6 15. Rad1 Bb7 16. c4 d4
17. Re2 Qd7 18. Rf1 g6 19. h3 Rb8 20. Kh2 h5 21. Rfe1 Qe6
22. f3 h4 23. Kg1 Bc8 24. Re4 Qf5 25. Rc1 Kf8 26. Qf1 Re6
27. Qf2 Bb7 28. Rxh4 Kg7 29. Rg4 Qxe5 30. f4 Qe3 31. f5 Qxf2+
32. Kxf2 Rf6 33. Rg5 Kh6 34. Re1 Bd6 35. Bc1 Bf4 36. h4 Kg7
37. g4 Rb6 38. a5 Ra6 39. b4 cxb4 40. Nb3 Bxg5 41. hxg5 gxf5
42. gxf5 Rc6 43. c5 Rd8 44. Bb2 Kf8 45. g6 fxg6 46. Nxd4 gxf5
47. Nxc6 Bxc6 48. Be5 Be4 49. Bxc7 Rd5 50. Bd6+ Kf7 51. Re3
Rd4 52. a6 Ke6 53. Bb8 Rd2+ 54. Ke1 Ra2 55. Rb3 Rxa6 56. Rxb4
Kd5 57. Kd2 Kxc5 58. Kc3 Ra3+ 59. Rb3 Ra2 60. Rb2 Ra3+ 61. Rb3
Ra2 62. Rb2 Ra1 63. Rb3 Ra4 64. Kb2 Bd5 65. Rc3+ Bc4 66. Bf4
Kd4 67. Ra3 Rb4+ 68. Kc2 a6 69. Be3+ Kd5 70. Bd2 Rb7 71. Rf3
Ke5 72. Re3+ Kd4 73. Rf3 Bd5 74. Rd3+ Ke5 75. Bc3+ Ke6 76. Rd4
Be4+ 77. Kd2 Rh7 78. Ra4 Rh2+ 79. Ke3 Rh3+ 80. Kd4 Rd3+
81. Kc4 Rd6 82. Kb3 Rc6 83. Kb2 Kd5 84. Rd4+ Kc5 85. Ra4 Bd3
86. Kc1 Bc4 87. Ra3 Kd5 88. Bd2 Ke4 89. Re3+ Kd4 90. Re7 Bd3+
91. Kd1 Be4 92. Rd7+ Bd5 93. Ke1 Rf6 94. Bc1 Rf8 95. Bh6 Ra8
96. Kd2 a5 97. Ra7 Rg8 98. Rxa5 Rg2+ 99. Ke1 Rg6 100. Bd2 Rg1+
101. Kf2 Rg2+ 102. Ke1 Bc4 103. Bh6 Re2+ 104. Kd1 Rf2 105. Ke1
Rf1+ 106. Kd2 Rh1 107. Bg7+ Ke4 108. Ra4 Kd5 109. Ra5+ Ke6
110. Bd4 Rh3 111. Ke1 f4 112. Re5+ Kd6 113. Rf5 f3 114. Bf2
Ke6 115. Rg5 Bd5 116. Kd2 Rh7 117. Ke3 Rb7 118. Kf4 Rb4+
119. Kg3 Rb3 120. Kf4 Rd3 121. Kg3 Kf6 122. Rh5 Kg6 1/2-1/2

[Event "Arctic Chess Challenge"]
[Site "Tromso NOR"]
[Date "2009.08.03"]
[EventDate "2009.08.01"]
[Round "3"]
[Result "1/2-1/2"]
[White "Torbjorn Ringdal Hansen"]
[Black "Jon Ludvig Hammer"]
[WhiteElo "2440"]
[BlackElo "2583"]
[PlyCount "111"]

1. c4 e5 2. Nc3 Nf6 3. Nf3 Nc6 4. e3 g6 5. d4 d6 6. d5 Ne7
7. c5 Bg7 8. cxd6 cxd6 9. Qa4+ Nd7 10. Qb4 Nc5 11. Bb5+ Bd7
12. O-O O-O 13. Bxd7 Qxd7 14. Rd1 h6 15. e4 a5 16. Qc4 b5
17. Qxb5 Qxb5 18. Nxb5 Nxe4 19. Nd2 Nf6 20. Nxd6 a4 21. N2c4
Nfxd5 22. Ne3 Nf4 23. Bd2 Rfd8 24. Nec4 Ne2+ 25. Kf1 Nd4
26. Rab1 Rab8 27. f4 Nec6 28. fxe5 Nxe5 29. Bc3 Ndc6 30. Nxe5
Bxe5 31. Bxe5 Nxe5 32. b3 Rb4 33. Ke2 Rdb8 34. Rd5 Nc6 35. Rf1
axb3 36. axb3 Rd8 37. Rfd1 Rxb3 38. R1d2 Ne7 39. R5d3 Rxd3
40. Rxd3 Nc6 41. Nc4 Rxd3 42. Kxd3 Kg7 43. Ke4 f5+ 44. Kd5
Nb4+ 45. Ke6 Nd3 46. g3 Nf2 47. Nd6 Ng4 48. Ne8+ Kf8 49. Nd6
Nf2 50. Kf6 Ne4+ 51. Kxg6 Nxd6 52. Kxh6 Kf7 53. Kg5 Ke6 54. g4
Nf7+ 55. Kf4 fxg4 56. Kxg4 1/2-1/2

[Event "Arctic Chess Challenge"]
[Site "Tromso NOR"]
[Date "2009.08.05"]
[EventDate "2009.08.01"]
[Round "5"]
[Result "0-1"]
[White "Silje Bjerke"]
[Black "Jon Ludvig Hammer"]
[WhiteElo "2231"]
[BlackElo "2583"]
[PlyCount "116"]

1. e4 c5 2. Nf3 Nc6 3. d4 cxd4 4. Nxd4 g6 5. Nc3 Bg7 6. Be3
Nf6 7. Bc4 O-O 8. Bb3 d6 9. h3 Bd7 10. O-O Rc8 11. Re1 a6
12. Qd2 Ne5 13. Bh6 Bxh6 14. Qxh6 Qb6 15. Rad1 e6 16. Re3 a5
17. a4 Nc4 18. Rf3 Nh5 19. Ndb5 Bxb5 20. Nxb5 Ne5 21. Rc3 Rxc3
22. Nxc3 Nf6 23. Qf4 Kg7 24. Nb5 Rd8 25. Rd4 Qc5 26. c3 Ne8
27. Qd2 Nc6 28. Rd3 Nf6 29. Qf4 g5 30. Qe3 Qxe3 31. Rxe3 Kf8
32. f3 Ke7 33. Rd3 h5 34. Kf2 h4 35. Na3 Ne5 36. Rd2 Rc8
37. Nb5 Rc6 38. Ba2 Nfd7 39. Na7 Rc5 40. Nb5 Rc6 41. Na7 Rc5
42. Nb5 Nb6 43. Nxd6 Nxa4 44. Nxb7 Rb5 45. Nd6 Rb8 46. Nc4
Nxc4 47. Bxc4 Rxb2 48. Ke3 Rxd2 49. Kxd2 Kd6 50. Bb5 Nc5
51. Ke3 Ke5 52. Bd3 Nxd3 53. Kxd3 Kd6 54. Kc4 Kc6 55. e5 Kb6
56. Kd4 Kb5 57. c4+ Kb4 58. c5 Kb5 0-1

[Event "Arctic Chess Challenge"]
[Site "Tromso NOR"]
[Date "2009.08.07"]
[EventDate "2009.08.01"]
[Round "7"]
[Result "1/2-1/2"]
[White "Julian Radulski"]
[Black "Jon Ludvig Hammer"]
[WhiteElo "2539"]
[BlackElo "2583"]
[PlyCount "98"]

1. e4 e5 2. Nf3 Nc6 3. Bb5 Nf6 4. d3 Bc5 5. O-O Nd4 6. Nxd4
Bxd4 7. Nd2 c6 8. Ba4 Bb6 9. Nc4 Bc7 10. Bb3 O-O 11. Bg5 h6
12. Bh4 d6 13. Ne3 g5 14. Bg3 h5 15. h3 Be6 16. d4 Bb6
17. dxe5 Nxe4 18. Bh2 g4 19. Bxe6 fxe6 20. Nxg4 Qg5 21. Qe2
hxg4 22. Qxe4 g3 23. exd6 gxh2+ 24. Kh1 Qf5 25. Qe2 Rad8
26. Rad1 Bc5 27. Rd3 Bxd6 28. f4 Bxf4 29. Rxd8 Rxd8 30. Qc4 b5
31. Qxf4 Qxf4 32. Rxf4 Rd2 33. a4 Rxc2 34. axb5 cxb5 35. Rb4
a6 36. Kxh2 Kf7 37. Kg3 e5 38. Kf3 Ke6 39. g4 Rc4 40. Rb3 b4
41. Re3 a5 42. b3 Rc1 43. Ke4 Rg1 44. Re2 Ra1 45. Rg2 Re1+
46. Kd3 e4+ 47. Kd4 e3 48. Ra2 Rd1+ 49. Kxe3 Rb1 1/2-1/2

[Event "Arctic Chess Challenge"]
[Site "Tromso NOR"]
[Date "2009.08.08"]
[EventDate "2009.08.01"]
[Round "8"]
[Result "1/2-1/2"]
[White "Jon Ludvig Hammer"]
[Black "Luca Shytaj"]
[WhiteElo "2583"]
[BlackElo "2455"]
[PlyCount "79"]

1. e4 c5 2. Nf3 d6 3. d4 cxd4 4. Nxd4 Nf6 5. Nc3 a6 6. Be3 e5
7. Nb3 Be6 8. f4 Be7 9. f5 Bd7 10. g4 h5 11. gxh5 Bc6 12. Qf3
Nxe4 13. Nxe4 Bh4+ 14. Kd2 d5 15. Qg4 dxe4+ 16. Kc1 Nd7
17. Bc4 Bf6 18. Rd1 Qc7 19. h6 gxh6 20. Bxf7+ Kxf7 21. Rxd7+
Bxd7 22. Qg6+ Ke7 23. Bc5+ Qxc5 24. Nxc5 Rag8 25. Qh5 Rg1+
26. Kd2 Rxa1 27. Nxe4 Rg1 28. Qh3 Bc6 29. Qa3+ Kf7 30. Qb3+
Kg7 31. Nxf6 Rd8+ 32. Ke3 Rdd1 33. Nh5+ Kf8 34. Qb4+ Ke8
35. f6 Rge1+ 36. Kf2 Rf1+ 37. Ke2 Rfe1+ 38. Kf2 Rf1+ 39. Ke2
Rfe1+ 40. Kf2 1/2-1/2

[Event "Arctic Chess Challenge"]
[Site "Tromso NOR"]
[Date "2009.08.09"]
[EventDate "2009.08.01"]
[Round "9"]
[Result "1/2-1/2"]
[White "Allan Stig Rasmussen"]
[Black "Jon Ludvig Hammer"]
[WhiteElo "2536"]
[BlackElo "2583"]
[PlyCount "94"]

1. e4 e5 2. Nf3 Nc6 3. Bb5 Nf6 4. O-O Nxe4 5. d4 Nd6 6. Bxc6
dxc6 7. dxe5 Nf5 8. Qxd8+ Kxd8 9. Nc3 Ke8 10. h3 b6 11. Re1
Bb4 12. Bd2 Be6 13. a3 Bxc3 14. Bxc3 Bd5 15. Ng5 h6 16. Ne4
Rd8 17. f3 Bxe4 18. Rxe4 Ng3 19. Rc4 Ne2+ 20. Kf1 Nxc3
21. Rxc3 c5 22. b4 Rd5 23. bxc5 bxc5 24. Rd3 Rxd3 25. cxd3 Kd7
26. Rc1 Rb8 27. Rxc5 Rb3 28. Ra5 Rxd3 29. Ke2 Rb3 30. f4 Ke6
31. Rxa7 g5 32. Ra6+ Kd5 33. Rxh6 gxf4 34. Rf6 Kxe5 35. Rxf7
Rxa3 36. Rxc7 Ra2+ 37. Kf3 Ra3+ 38. Kf2 Ra2+ 39. Kg1 f3
40. gxf3 Kf4 41. Rg7 Kxf3 42. h4 Ra4 43. h5 Rh4 44. Rg5 Kf4
45. Ra5 Kg4 46. Kg2 Rxh5 47. Rxh5 Kxh5 1/2-1/2

[Event "Arctic Chess Challenge"]
[Site "Tromso NOR"]
[Date "2009.08.02"]
[EventDate "2009.08.01"]
[Round "2"]
[Result "1-0"]
[White "Jon Ludvig Hammer"]
[Black "Paal Royset"]
[WhiteElo "2583"]
[BlackElo "2239"]
[PlyCount "117"]

1. e4 c5 2. Nf3 d6 3. Bc4 Nf6 4. d3 Nc6 5. O-O e6 6. Nbd2 a6
7. a4 Be7 8. Bb3 Na5 9. Ba2 b5 10. c3 Bb7 11. Qe2 O-O 12. Bb1
Qb6 13. Rd1 e5 14. Bc2 Rac8 15. Nf1 Rfe8 16. axb5 axb5 17. Bg5
h6 18. Bxf6 Bxf6 19. Ne3 g6 20. b4 cxb4 21. cxb4 Nc6 22. Nd5
Qd8 23. Bb3 Bg7 24. d4 exd4 25. Qxb5 Rb8 26. Rac1 Ba8 27. Qa4
Rc8 28. Qa6 Kh7 29. Nb6 Rb8 30. Nxa8 Nxb4 31. Qc4 Rxe4 32. Nc7
f5 33. Nd5 d3 34. Qc7 Qxc7 35. Rxc7 Na6 36. Nf6+ Kh8 37. Rxg7
Kxg7 38. Nxe4 fxe4 39. Nd2 Nc5 40. Bd5 Rb4 41. Re1 Rd4
42. Bxe4 g5 43. f3 Ra4 44. Kf2 Ra2 45. Ke3 Rc2 46. Ra1 g4
47. Ra7+ Kf8 48. Ra3 gxf3 49. Bxf3 Rc1 50. Ra2 Re1+ 51. Kd4
Ke7 52. Ne4 Rh1 53. h3 Nb3+ 54. Kc3 Nc1 55. Ra7+ Kf8 56. Nxd6
Rg1 57. Nf5 h5 58. Bxh5 Ne2+ 59. Kd2 1-0

[Event "Spice Cup (Rapid Tiebreak)"]
[Site "Lubbock"]
[Date "2009.09.28"]
[EventDate "?"]
[Round "9A"]
[Result "1-0"]
[White "Varuzhan Akobian"]
[Black "Jon Ludvig Hammer"]
[WhiteElo "2636"]
[BlackElo "2585"]
[PlyCount "75"]

1.d4 Nf6 2.c4 g6 3.Nc3 d5 4.Bg5 Ne4 5.Bh4 Nxc3 6.bxc3 dxc4
7.Qa4 Qd7 8.Qxc4 b6 9.Bg3 c5 10.Be5 Ba6 11.Qb3 f6 12.Bxb8 Rxb8
13.Nf3 e6 14.e4 Bxf1 15.Kxf1 cxd4 16.cxd4 Bd6 17.g3 O-O 18.Kg2
a5 19.h4 a4 20.Qd3 b5 21.d5 Be5 22.Rad1 exd5 23.h5 Qb7 24.exd5
g5 25.Rhe1 Qf7 26.Rd2 Qxh5 27.Nxe5 fxe5 28.Rxe5 Rbc8 29.f4 h6
30.Re7 Rf7 31.Rxf7 Qxf7 32.Qxb5 gxf4 33.Qxa4 f3 34.Kf2 Rc3
35.Qg4 Kh7 36.Qe4 Kg8 37.d6 Qd7 38.Qg6 1-0

[Event "17th European Team Championship"]
[Site "Novi Sad SRB"]
[Date "2009.10.22"]
[EventDate "2009.10.22"]
[Round "1"]
[Result "1/2-1/2"]
[White "Jon Ludvig Hammer"]
[Black "Laurent Fressinet"]
[WhiteElo "2585"]
[BlackElo "2658"]
[PlyCount "59"]

1. e4 e5 2. Nf3 Nc6 3. Bb5 a6 4. Bxc6 dxc6 5. O-O Bg4 6. h3 h5
7. d3 Qf6 8. Be3 Bxf3 9. Qxf3 Qxf3 10. gxf3 Bd6 11. Nd2 Ne7
12. Rfd1 c5 13. c3 Nc6 14. Nc4 O-O-O 15. a3 a5 16. b4 axb4
17. axb4 cxb4 18. Nxd6+ cxd6 19. cxb4 Nxb4 20. Bb6 Rde8 21. d4
Kd7 22. Ra7 exd4 23. Rxd4 Nc6 24. Rxb7+ Ke6 25. Rd1 Re7
26. Rc7 Ne5 27. Rc3 g5 28. Bd4 f6 29. Bxe5 fxe5 30. Rc6
1/2-1/2

[Event "17th European Team Championship"]
[Site "Novi Sad SRB"]
[Date "2009.10.23"]
[EventDate "2009.10.22"]
[Round "2"]
[Result "0-1"]
[White "Jon Viktor Gunnarsson"]
[Black "Jon Ludvig Hammer"]
[WhiteElo "2462"]
[BlackElo "2585"]
[PlyCount "74"]

1. e4 c5 2. Nf3 e6 3. d4 cxd4 4. Nxd4 Nf6 5. Nc3 d6 6. Be3 Be7
7. Be2 O-O 8. O-O Nc6 9. f4 Bd7 10. Kh1 Rc8 11. Qe1 Nxd4
12. Bxd4 Bc6 13. Qg3 g6 14. Bf3 b5 15. a3 a5 16. b4 d5
17. exd5 Nxd5 18. Nxd5 Bxd5 19. Rad1 axb4 20. axb4 Rxc2
21. Bxd5 Qxd5 22. Bg7 Qe4 23. Rd4 Qe2 24. Re1 Rfc8 25. Rxe2
Rxe2 26. h3 Rc1+ 27. Kh2 Ree1 28. Qxe1 Rxe1 29. Bh6 f6 30. Rd7
Kf7 31. Rb7 e5 32. Rxb5 e4 33. Kg3 Rf1 34. Ra5 e3 35. Ra2 g5
36. fxg5 Bd6+ 37. Kh4 Kg6 0-1

[Event "17th European Team Championship"]
[Site "Novi Sad SRB"]
[Date "2009.10.24"]
[EventDate "2009.10.22"]
[Round "3"]
[Result "1-0"]
[White "Jon Ludvig Hammer"]
[Black "Pavel Eljanov"]
[WhiteElo "2585"]
[BlackElo "2717"]
[PlyCount "85"]

1. e4 e5 2. Nf3 Nc6 3. Bb5 a6 4. Bxc6 dxc6 5. O-O Qd6 6. Na3
Be6 7. Qe2 f6 8. Rd1 Bg4 9. h3 Bh5 10. d4 O-O-O 11. Be3 Qe6
12. dxe5 Rxd1+ 13. Rxd1 Bxa3 14. bxa3 Ne7 15. g4 Bf7 16. Qd3
Ng6 17. exf6 gxf6 18. Nd4 Qc4 19. Nf5 Qxd3 20. cxd3 Bxa2
21. f4 c5 22. Ng7 b6 23. Nh5 Rf8 24. Kf2 Ne7 25. f5 Ng8 26. h4
Bf7 27. Nf4 h6 28. Bc1 Rd8 29. Bb2 b5 30. Rc1 c4 31. d4 a5
32. Bc3 Kb7 33. Ke3 Kb6 34. e5 Bd5 35. Nxd5+ Rxd5 36. Ke4 Rd8
37. g5 hxg5 38. hxg5 fxg5 39. f6 Rf8 40. d5 b4 41. Bd4+ Kb5
42. a4+ Kxa4 43. Rxc4 1-0

[Event "17th European Team Championship"]
[Site "Novi Sad SRB"]
[Date "2009.10.25"]
[EventDate "2009.10.22"]
[Round "4"]
[Result "1/2-1/2"]
[White "Jon Ludvig Hammer"]
[Black "Bartosz Socko"]
[WhiteElo "2585"]
[BlackElo "2637"]
[PlyCount "56"]

1. d4 Nf6 2. c4 e6 3. Nf3 c5 4. Nc3 cxd4 5. Nxd4 Bb4 6. g3 Ne4
7. Qd3 Bxc3+ 8. bxc3 Nc5 9. Qf3 d6 10. Bg2 e5 11. Nb3 Nba6
12. Ba3 Qc7 13. Qe3 Be6 14. Nxc5 Nxc5 15. Bxc5 Qxc5 16. Qxc5
dxc5 17. Bd5 Ke7 18. Rb1 Rab8 19. e4 Bxd5 20. cxd5 b5 21. a4
b4 22. cxb4 cxb4 23. Kd2 Rhc8 24. Rhc1 a5 25. Rxc8 Rxc8
26. Rc1 Rxc1 27. Kxc1 h5 28. h3 Kd6 1/2-1/2

[Event "17th European Team Championship"]
[Site "Novi Sad SRB"]
[Date "2009.10.26"]
[EventDate "2009.10.22"]
[Round "5"]
[Result "0-1"]
[White "Nikola Djukic"]
[Black "Jon Ludvig Hammer"]
[WhiteElo "2503"]
[BlackElo "2585"]
[PlyCount "104"]

1. e4 e5 2. Nf3 Nc6 3. Bb5 Nf6 4. O-O Nxe4 5. d4 Nd6 6. Bxc6
dxc6 7. dxe5 Nf5 8. Qxd8+ Kxd8 9. Nc3 Ke8 10. h3 b6 11. Ne2 c5
12. c3 Bb7 13. Nh2 Rd8 14. Re1 h5 15. Nf1 Nh4 16. f3 Be7
17. Neg3 Bxf3 18. gxf3 Nxf3+ 19. Kf2 Nxe1 20. Kxe1 Rd5 21. Kf2
Rxe5 22. Nh2 Bh4 23. Bf4 Rf5 24. Kf3 Bxg3 25. Kxg3 g5 26. Bd2
Kd7 27. Nf3 Rg8 28. Re1 Rd5 29. c4 Rd3 30. Kf2 f6 31. Bc3 Rf8
32. Kg2 Rd6 33. Rf1 Re8 34. Ng1 Re4 35. Rxf6 Rxf6 36. Bxf6
Rxc4 37. Bc3 Ke6 38. Ne2 h4 39. Kf3 Kf5 40. b3 Re4 41. Bd2 c6
42. Be3 a5 43. Nc3 g4+ 44. hxg4+ Rxg4 45. Ne2 Rg8 46. Bf4 h3
47. Ng3+ Ke6 48. Ne4 Rg1 49. Ng5+ Kd7 50. Nxh3 Ra1 51. Ke3
Rxa2 52. Kd3 a4 0-1

[Event "17th European Team Championship"]
[Site "Novi Sad SRB"]
[Date "2009.10.27"]
[EventDate "2009.10.22"]
[Round "6"]
[Result "1-0"]
[White "Jon Ludvig Hammer"]
[Black "Andrei Istratescu"]
[WhiteElo "2585"]
[BlackElo "2624"]
[PlyCount "135"]

1. d4 e6 2. e4 d5 3. Nc3 dxe4 4. Nxe4 Bd7 5. Nf3 Bc6 6. Bd3
Nd7 7. Qe2 Ngf6 8. Ng3 Bxf3 9. Qxf3 c6 10. O-O g6 11. Bf4 Bg7
12. Bd6 Bf8 13. Bf4 Bg7 14. Bd6 Bf8 15. Bxf8 Kxf8 16. Ne4 Nxe4
17. Qxe4 Kg7 18. Be2 Re8 19. Rfd1 Qb6 20. b3 a5 21. Qf4 a4
22. h4 h6 23. Rab1 a3 24. b4 Ra4 25. c3 Qd8 26. c4 Qe7 27. Qc7
Nf6 28. Qe5 Kg8 29. b5 c5 30. dxc5 Nd7 31. Qe3 Nxc5 32. Qxh6
Raa8 33. Rd4 Rad8 34. Rg4 e5 35. h5 Qf8 36. Qe3 Rd4 37. hxg6
Rxg4 38. Bxg4 fxg6 39. Qxa3 Ra8 40. Qg3 Rxa2 41. Bf3 Qf6
42. Re1 b6 43. Qxe5 Qxe5 44. Rxe5 Kf8 45. Bc6 Rc2 46. Re8+ Kg7
47. Bd5 g5 48. Rb8 Na4 49. Rb7+ Kf6 50. Rf7+ Kg6 51. Rf8 Kg7
52. Rf7+ Kg6 53. Be4+ Kxf7 54. Bxc2 Nc5 55. Kh2 Kf6 56. Kg3
Ne6 57. Kg4 Nd4 58. c5 bxc5 59. b6 Nc6 60. Ba4 Na5 61. f4 gxf4
62. Kxf4 c4 63. Ke4 Ke6 64. Kd4 Kd6 65. g4 c3 66. g5 Nb7
67. g6 Nc5 68. b7 1-0

[Event "17th European Team Championship"]
[Site "Novi Sad SRB"]
[Date "2009.10.29"]
[EventDate "2009.10.22"]
[Round "8"]
[Result "1/2-1/2"]
[White "Jon Ludvig Hammer"]
[Black "Michael Adams"]
[WhiteElo "2585"]
[BlackElo "2682"]
[PlyCount "62"]

1. d4 Nf6 2. c4 e6 3. g3 d5 4. Nf3 Bb4+ 5. Bd2 Be7 6. Bg2 O-O
7. O-O c6 8. Bf4 Nbd7 9. Qc2 b6 10. Rd1 Ba6 11. Ne5 Rc8
12. Nc3 Bxc4 13. Nxc4 dxc4 14. e4 b5 15. a4 a6 16. axb5 axb5
17. d5 cxd5 18. exd5 e5 19. Bg5 b4 20. d6 bxc3 21. Qxc3 h6
22. Be3 Bxd6 23. Rxd6 Qe7 24. Rad1 Nc5 25. Qxc4 Nb7 26. Rc6
Na5 27. Rxc8 Nxc4 28. Bc5 Rxc8 29. Bxe7 Nxb2 30. Re1 Nd3
31. Rd1 Nb2 1/2-1/2

[Event "17th European Team Championship"]
[Site "Novi Sad SRB"]
[Date "2009.10.30"]
[EventDate "2009.10.22"]
[Round "9"]
[Result "1/2-1/2"]
[White "Baadur Jobava"]
[Black "Jon Ludvig Hammer"]
[WhiteElo "2696"]
[BlackElo "2585"]
[PlyCount "152"]

1. d4 Nf6 2. c4 g6 3. Nc3 d5 4. Bg5 Ne4 5. Bh4 Nxc3 6. bxc3
dxc4 7. e3 Be6 8. Nf3 Bg7 9. Qb1 Qd5 10. Be2 Bf5 11. Qb2 Bd3
12. Bxd3 cxd3 13. O-O Qe4 14. Nd2 Qc6 15. Qb4 Bf6 16. Bxf6
exf6 17. c4 b6 18. Rfc1 Nd7 19. a4 Qe6 20. a5 c5 21. Qa3 O-O
22. Qxd3 cxd4 23. exd4 Rad8 24. Qc3 f5 25. h3 Qf6 26. Nf3 Rfe8
27. axb6 axb6 28. Ra7 g5 29. d5 Ne5 30. Nxe5 Qxe5 31. Qxe5
Rxe5 32. Rb1 Re4 33. Rc7 Rd6 34. Kf1 h5 35. f3 Rd4 36. Ke2 f4
37. Rb3 b5 38. Rxb5 Rd8 39. Rb2 Re8+ 40. Kf2 Re3 41. Rc5 Kg7
42. d6 Kf6 43. Rc6 Rc3 44. c5 Rd5 45. h4 gxh4 46. d7+ Ke7
47. Re2+ Kd8 48. Rf6 Rxd7 49. c6 Re7 50. Ra2 Rc7 51. Rxf4
R3xc6 52. Rxh4 Rc2+ 53. Rxc2 Rxc2+ 54. Kg3 Rc5 55. Re4 Rg5+
56. Kh3 Kd7 57. g3 f6 58. Kh4 Ra5 59. Rb4 Ke6 60. Rb7 Ra3
61. f4 Kf5 62. Rb5+ Kg6 63. Rxh5 Ra4 64. Rb5 Rc4 65. Kg4 Ra4
66. Rb3 Rc4 67. Kf3 Ra4 68. g4 Ra1 69. Rb7 Rf1+ 70. Ke3 Rg1
71. Kf3 Rf1+ 72. Kg3 Rg1+ 73. Kh3 Rh1+ 74. Kg2 Ra1 75. Kg3
Rg1+ 76. Kf3 Rf1+ 1/2-1/2

[Event "Eliteserien 2009-2010"]
[Site "Oslo"]
[Date "2009.11.07"]
[EventDate "?"]
[Round "2.2"]
[Result "1-0"]
[White "Jon Ludvig Hammer"]
[Black "Axel Smith"]
[WhiteElo "2588"]
[BlackElo "2414"]
[PlyCount "63"]

1. d4 Nf6 2. c4 g6 3. Nc3 d5 4. Bf4 Bg7 5. e3 c5 6. dxc5 Qa5
7. Rc1 dxc4 8. Bxc4 O-O 9. Nf3 Qxc5 10. Bb3 Nc6 11. O-O Qa5
12. h3 Bf5 13. Qe2 Ne4 14. g4 Nxc3 15. bxc3 Bc8 16. Rfd1 Qa3
17. Bc7 Qc5 18. Bg3 Na5 19. Bd5 Bd7 20. Bxb7 Ba4 21. Bxa8 Bxd1
22. Rxd1 Rxa8 23. Rd7 Rc8 24. Qa6 Bxc3 25. Rxe7 Rd8 26. Rc7
Qd5 27. Kg2 Ba1 28. Rc1 Qxa2 29. Rxa1 Qxa1 30. Be5 Qa2 31. Qf6
Kf8 32. Qxd8# 1-0